00000000nam##2200000za#4500
0019.666962
003CaOODSP
00520210615123213
007ta
008150407|2005||||xxc|||||     f|0| 0 fre|d
020 |a0-662-69374-4
040 |aCaOODSP|bfre
041 |aeng
041 |afre
043 |an-cn---
0861 |aH21-202/1-2005
1101 |aCanada. |bSanté Canada.
24510|aRéglementation des aliments génétiquement modifiés
260 |aOttawa - Ontario : |bSanté Canada |c[2005].
300 |a1 feuille pliée (texte français, [3p.]) : |bill. en couleur ; |c28 cm.
563 |aDépliant
590 |a07-10|b2007-03-09
69107|aAliment|2gcpds
69107|aGénie génétique|2gcpds
791 |tThe regulation of GM food |eeng|w(CaOODSP)9.666961